Maisons des regions de France - Statistiques

Statistiques générales
  • Ce quiz a été pris 71 fois
  • Le résultat moyen est 8 sur 20
Statistiques - réponses
Par images Hint Réponse % Correct
R Ile de {Ré}
97%
P Ville de {Paris}
88%
N-P-D-C Bassin minier du {Nord-Pas-de-Calais}
84%
N Ville de {Nice}
54%
S-O Sud-ouest
52%
A Alsace
48%
A Alpes
45%
PB Pays Basque
40%
B Ville de {Bordeaux}
40%
P Provence
39%
A Ville d'{Arras}
34%
N Normandie
33%
A Auvergne
27%
V Vendée
24%
P Région {parisienne}
22%
N Ville de {Nancy}
22%
F Flandre
19%
L Lorraine
19%
S-M Région de {Saint-Malo}
10%
C Camargue
4%
Aucun quiz correspondant
Distribution des résultats
% des personnes avec chaque résultat
Percentile par nombre de réponses
Votre historique - résultats
Vous n’avez pas pris ce quiz